<?xml version="1.0" encoding="UTF-8"?>
<collection xmlns="http://www.loc.gov/MARC21/slim">
<record>
  <controlfield tag="001">131405</controlfield>
  <controlfield tag="005">20240208155436.0</controlfield>
  <datafield tag="024" ind1="8" ind2=" ">
    <subfield code="2">sideral</subfield>
    <subfield code="a">136821</subfield>
  </datafield>
  <datafield tag="037" ind1=" " ind2=" ">
    <subfield code="a">ART-2024-136821</subfield>
  </datafield>
  <datafield tag="041" ind1=" " ind2=" ">
    <subfield code="a">spa</subfield>
  </datafield>
  <datafield tag="100" ind1=" " ind2=" ">
    <subfield code="a">Menéndez Conca, Lucas Gabriel</subfield>
    <subfield code="0">(orcid)0000-0001-8562-1487</subfield>
  </datafield>
  <datafield tag="245" ind1=" " ind2=" ">
    <subfield code="a">El surgimiento de los compliance programs y su relevancia en el enjuiciamiento penal de las personas jurídicas en EE.UU</subfield>
  </datafield>
  <datafield tag="260" ind1=" " ind2=" ">
    <subfield code="c">2024</subfield>
  </datafield>
  <datafield tag="520" ind1="3" ind2=" ">
    <subfield code="a">El modelo de atribución de responsabilidad penal a las personas jurídicas que utilizan los tribunales estadounidenses es la doctrina del respondeat superior, modelo de responsabilidad vicarial consagrado en la sentencia del caso New York Central &amp; Hudson River Railroad Co. v. United States (1909) y en virtud del cual las personas jurídicas son penalmente responsables por los delitos cometidos por cualquiera de sus representantes, directivos o empleados, siempre y cuando actúen en el ejercicio de las funciones que les corresponden dentro de la entidad y con la intención de beneficiarla. La implementación y ejecución eficaz de un compliance program permitirá que se atenúe la pena que se impondrá a la persona jurídica en aplicación de las Federal Sentencing Guidelines for Organizations y será un factor esencial que valorará la Fiscalía a la hora de decidir si formula acusación contra ella.</subfield>
  </datafield>
  <datafield tag="540" ind1=" " ind2=" ">
    <subfield code="9">info:eu-repo/semantics/closedAccess</subfield>
    <subfield code="a">All rights reserved</subfield>
    <subfield code="u">http://www.europeana.eu/rights/rr-f/</subfield>
  </datafield>
  <datafield tag="655" ind1=" " ind2="4">
    <subfield code="a">info:eu-repo/semantics/article</subfield>
    <subfield code="v">info:eu-repo/semantics/publishedVersion</subfield>
  </datafield>
  <datafield tag="773" ind1=" " ind2=" ">
    <subfield code="g">53 (2024), 131-150</subfield>
    <subfield code="p">Rev. penal</subfield>
    <subfield code="t">Revista penal</subfield>
    <subfield code="x">1138-9168</subfield>
  </datafield>
  <datafield tag="856" ind1="4" ind2=" ">
    <subfield code="s">13053028</subfield>
    <subfield code="u">http://zaguan.unizar.es/record/131405/files/texto_completo.pdf</subfield>
    <subfield code="y">Versión publicada</subfield>
  </datafield>
  <datafield tag="856" ind1="4" ind2=" ">
    <subfield code="s">3800159</subfield>
    <subfield code="u">http://zaguan.unizar.es/record/131405/files/texto_completo.jpg?subformat=icon</subfield>
    <subfield code="x">icon</subfield>
    <subfield code="y">Versión publicada</subfield>
  </datafield>
  <datafield tag="909" ind1="C" ind2="O">
    <subfield code="o">oai:zaguan.unizar.es:131405</subfield>
    <subfield code="p">articulos</subfield>
    <subfield code="p">driver</subfield>
  </datafield>
  <datafield tag="951" ind1=" " ind2=" ">
    <subfield code="a">2024-02-08-14:39:25</subfield>
  </datafield>
  <datafield tag="980" ind1=" " ind2=" ">
    <subfield code="a">ARTICLE</subfield>
  </datafield>
</record>
</collection>